000 004280000a22001810004500
003 MACL
005 20151010101457.0
008 151010b xxu||||| |||| 00| 0 eng d
040 _aMACL
_cMACL
041 _aEnglish
082 _a920/SHA
100 _aShankar, Vidya
_913526
245 _aShyama Sastry
260 _bNational Book Trust
_c1970
_aNew Delhi
350 _a2
650 _aBiography
_914196
942 _cBK
_k920
_2ddc
999 _c7247
_d7247